Climit State Design of Reinforced Concrete (Record no. 14453)
[ view plain ]
| 000 -LEADER | |
|---|---|
| fixed length control field | 00329nam a22001337a 4500 |
| 020 ## - INTERNATIONAL STANDARD BOOK NUMBER | |
| ISBN | 9788120320390 |
| 082 ## - DEWEY DECIMAL CLASSIFICATION NUMBER | |
| Classification number | 624.1834 |
| Item number | VAR/LI |
| 100 ## - MAIN ENTRY--AUTHOR NAME | |
| Personal name | Varghese,P.C |
| 245 ## - TITLE STATEMENT | |
| Title | Climit State Design of Reinforced Concrete |
| 250 ## - EDITION STATEMENT | |
| Edition statement | 2 nd |
| 260 ## - PUBLICATION, DISTRIBUTION, ETC. (IMPRINT) | |
| Place of publication | Delhi |
| Name of publisher | PHI Learning Private Limited |
| Year of publication | 2013 |
| 300 ## - PHYSICAL DESCRIPTION | |
| Number of Pages | 545 |
| 942 ## - ADDED ENTRY ELEMENTS (KOHA) | |
| Koha item type | Books |
No items available.
